00879nam a2200217 a 450000100100000000500170001000800410002704000250006808200170009310000400011024501180015026000470026830000280031550000720034359000260041565000260044165000240046791000380049195201150052999900170064400004264820240510073820.0140203s2006 dr a 001 0 spa d aDO-SdBNPbspacBNPHU a248.4bG643c1 aGonzález de Peña, Rafael92594613aLa clave de la felicidad :bdescubra cinco principios para encontrar su felicidad /cRafael González de Peña. aSanto Domingo :bSeveral solutions,c2006. a139 p. :bil. ;c22 cm. aIncluye datos biográficos del autor en las solapa de la cubierta. aInventariado, 2018/BT 4aEvangelización9476 0aVida cristiana9668 aValidado. Control de calidad. EMS 0010718PDaPDbPDcHDd2014-02-03iLF1l0o248.4 G643cp42648-10r2020-06-25w2020-06-25yLFPDZNo se presta c42137d42137